Textbook of immunology (Record no. 395029)

MARC details
000 -LEADER
fixed length control field 00541 a2200217 4500
005 - DATE & TIME
control field 20260209164228.0
008 - FIXED-LENGTH DATA ELEMENTS--GENERAL INFORMATION
fixed length control field 260209b |||||||| |||| 00| 0 eng d
020 ## - ISBN
International Standard Book Number 9788174733924
Price Rs. 325.00
040 ## - CATALOGING SOURCE
Original cataloging agency VIVEKANANDA LIBRARY
082 ## - DDC NUMBER
Classification number 574.29
Book Number R246T(3)
100 ## - MAIN ENTRY--PERSONAL NAME
Personal name Reddy, Rajeshwar
245 ## - TITLE STATEMENT
Title Textbook of immunology
250 ## - EDITION STATEMENT
Edition statement 3rd
260 ## - PUBLICATION, DISTRIBUTION, ETC. (IMPRINT)
Name of publisher, distributor, etc AITBS Publishers, India
Date of publication, distribution, etc 2024
Place of publication, distribution, etc New Delhi
300 ## - PHYSICAL DESCRIPTION
Pages xvi, 290
650 ## - Subject
Subject Immunology
650 ## - Subject
Subject Pathology
650 ## - Subject
Subject Immune System
650 ## - Subject
Subject BiologyRed
942 ## - ADDED ENTRY ELEMENTS (KOHA)
Koha item type Books
Holdings
Withdrawn status Lost status Source of classification or shelving scheme Damaged status Not for loan Location (home branch) Sublocation or collection (holding branch) Shelving location Date acquired Koha issues (times borrowed) Koha full call number Accession No. Koha date last seen Koha item type
    Dewey Decimal Classification     VIVEKANANDA LIBRARY VIVEKANANDA LIBRARY Vivekananda Library 27/01/2026   574.29 R246T(3) 444254 27/01/2026 Books
© Designed and Maintained by Vivekananda Library, MDU Rohtak